Fray Juan de Zumárraga, O.F.M /
Guardat en:
| Autor principal: | |
|---|---|
| Format: | Llibre |
| Idioma: | espanyol |
| Col·lecció: | (Anales de la Provincia del Santo Evangelio de México ;
3) |
| Matèries: | |
| Etiquetes: |
Sense etiquetes, Sigues el primer a etiquetar aquest registre!
|
MARC
| LEADER | 00000nam^a2200000^a^4500 | ||
|---|---|---|---|
| 001 | 000117914 | ||
| 005 | 20250521000000.0 | ||
| 009 | 20260310094222.621 | ||
| 037 | |a Acervo ITESO - Biblioteca | ||
| 041 | |a ESP | ||
| 082 | |a 972. 03 |b CHA | ||
| 100 | |a Chauvet, Fidel de Jesús |e (autor) | ||
| 245 | 1 | 0 | |a Fray Juan de Zumárraga, O.F.M / |c F.J. Chauvet. |
| 264 | |a México : |b Publicistas e Impresores Beatriz de Silva, |c 1948 | ||
| 300 | |a 370 p. | ||
| 336 | |a texto |b txt |2 rdacontenido | ||
| 337 | |a sin mediación |b n |2 rdamedio | ||
| 338 | |a volumen |b nc |2 rdasoporte | ||
| 440 | 1 | |a (Anales de la Provincia del Santo Evangelio de México ; |v 3) | |
| 649 | |a XX | ||
| 650 | |a Franciscanos | ||
| 650 | |a Inquisidores Españoles | ||
| 650 | |a Obispos de México (Ciudad) | ||
| 650 | |a Obispos de México | ||
| 650 | |a Ministros Religiosos Españoles | ||
| 650 | |a Religiosos Españoles | ||
| 650 | |a Inquisición - |z México - |x Historia - |y Epoca Colonial, 1517-1821 | ||
| 650 | |a Tribunales Eclesiásticos - |z México - |x Historia - |y Epoca Colonial, 1517-1821 | ||
| 650 | |a Derecho Canónico - |z México - |x Historia - |y Epoca Colonial, 1517-1821 | ||
| 650 | |a Iglesia y Estado - |z México - |x Historia - |y Epoca Colonial, 1517-1821 | ||
| 650 | |a Política y Religión - |z México - |x Historia - |y Epoca Colonial, 1517-1821 | ||
| 650 | |a Franciscanos en México - |x Historia - |y Epoca Colonial, 1517-1821 | ||
| 650 | |a Monasticismo y Ordenes Religiosas - |z México - |x Historia - |y Epoca Colonial, 1517-1821 | ||
| 650 | |a Iglesia Católica en México - |x Historia - |y Epoca Colonial, 1517-1821 | ||
| 650 | |a Catolicismo - |z México - |x Historia - |y Epoca Colonial, 1517-1821 | ||
| 650 | |a Cristianismo - |z México - |x Historia - |y Epoca Colonial, 1517-1821 | ||
| 650 | |a México - |x Historia - |y Gobernadores y Audiencia, 1521-1535 | ||
| 650 | |a México - |x Historia - |y Siglo XVI | ||
| 650 | |a México - |x Historia - |y Virreinato, 1535-1821 | ||
| 650 | |a México - |x Historia - |y Epoca Colonial, 1517-1821 | ||
| 650 | |a Zumárraga, Juan de, Fray | ||
| 910 | |a Fondo Salvador Reynoso Reynoso | ||
| 920 | |a Impresos - Libros | ||
| 930 | |a Fondos Especiales | ||
| 905 | |a 112 | ||
| 901 | |a 0800004456 |b IT2 |c ESP |u 20250521 | ||
| 901 | |a 0800009991 |b IT2 |c ESP |u 20250521 | ||
| 902 | |a https://opac.biblio.iteso.mx/vufind/Record/000117914 | ||